Catálogo público

Desarrollo de un producto estable y sensorialmente aceptable elaborado a base de aguacate criollo liofilizado / (Record no. 220586)

MARC details
000 -CABECERA
campo de control de longitud fija 05298nam a2200409 a 4500
003 - IDENTIFICADOR DEL NÚMERO DE CONTROL
campo de control CHAP
005 - FECHA Y HORA DE LA ÚLTIMA TRANSACCIÓN
campo de control 20250610182953.0
007 - CAMPO FIJO DE DESCRIPCIÓN FÍSICA--INFORMACIÓN GENERAL
campo de control de longitud fija ta
008 - DATOS DE LONGITUD FIJA--INFORMACIÓN GENERAL
campo de control de longitud fija 250610s2024 mx ado|fsm||| 001 0 spa d
040 ## - FUENTE DE LA CATALOGACIÓN
Normas de descripción rda
041 ## - CÓDIGO DE LENGUA
Código de lengua del texto/banda sonora o título independiente spa
Código de lengua del sumario o resumen eng
100 1# - ENTRADA PRINCIPAL--NOMBRE DE PERSONA
Nombre de persona Tafoya Flores, Eliseo
9 (RLIN) 190606
240 10 - TÍTULO UNIFORME
Título uniforme Development of a stable and sensorially acceptable product made from freeze-dried criollo avocado.
Lenguaje de la obra Español
245 10 - MENCIÓN DE TÍTULO
Título Desarrollo de un producto estable y sensorialmente aceptable elaborado a base de aguacate criollo liofilizado /
Mención de responsabilidad, etc. Eliseo Tafoya Flores
264 ## - PRODUCCIÓN, PUBLICACIÓN, DISTRIBUCIÓN, FABRICACIÓN Y COPYRIGHT
Producción, publicación, distribución, fabricación y copyright Chapingo, México :
Nombre del de productor, editor, distribuidor, fabricante El autor,
Fecha de producción, publicación, distribución, fabricación o copyright 2024
300 ## - DESCRIPCIÓN FÍSICA
Extensión 1 recurso en línea (70 páginas) :
Otras características físicas ilustraciones, gráficas, tablas, fotos
336 ## - TIPO DE CONTENIDO
Fuente rdacontent
Término de tipo de contenido texto
Código de tipo de contenido txt
337 ## - TIPO DE MEDIO
Fuente rdamedia
Nombre/término del tipo de medio computadora
Código del tipo de medio c
338 ## - TIPO DE SOPORTE
Fuente rdacarrier
Nombre/término del tipo de soporte recurso en línea
Código del tipo de soporte cr
502 ## - NOTA DE TESIS
Nota de tesis Tesis
Tipo de título (Maestro en Ciencia y Tecnología Agroalimentaria) --
Nombre de la institución que otorga el título Departamento de Ingeniería Agroindustrial,
Año de obtención del título 2024
Información miscelánea Maestría
504 ## - NOTA DE BIBLIOGRAFÍA, ETC.
Nota de bibliografía, etc. Incluye bibliografías
520 3# - SUMARIO, ETC.
Sumario, etc. El aguacate criollo de la raza mexicana (Persea americana var. drymifolia) destaca por sus propiedades nutracéuticas superiores en comparación con variedades comerciales como el Hass. Sin embargo, su alta perecibilidad limita su comercialización. Este estudio evaluó la liofilización como método de conservación para desarrollar un producto estable y sensorialmente aceptable que preserve las propiedades nutracéuticas del aguacate criollo. Se recolectaron frutos de cinco árboles en Tochimilco, Puebla, y se sometieron a liofilización tras un pretratamiento con ácido ascórbico (5%). Se analizaron fenoles totales, actividad antioxidante, índice de peróxidos, índice de acidez y contenido de aceite en la pulpa liofilizada, tanto al día 1 como tras 90 días de almacenamiento. También se realizó una evaluación sensorial con panelistas no entrenados. Los resultados mostraron que no hubo diferencias significativas en fenoles totales y actividad antioxidante, cuyos valores fueron consistentes (fenoles: 2.37-2.55 mg EAG g⁻¹ bs; actividad antioxidante: 7.10-7.60 mMol TE g⁻¹ bs). El índice de peróxidos y acidez aumentó durante el almacenamiento, destacando los tratamientos T4 y T5 por su estabilidad oxidativa y menor acidez, lo que sugiere su potencial comercial. El contenido de aceite varió entre 22.4 % y 26.5 % al día 1, pero disminuyó tras 90 días, alcanzando valores entre 20.1 % y 22.9 %. La evaluación sensorial indicó que todos los tratamientos fueron igualmente aceptados, con puntuaciones cercanas a 4 en una escala hedónica de 9 puntos, reflejando una aceptación moderada. Este estudio confirma la viabilidad del aguacate criollo para desarrollar productos nutracéuticos de alta calidad, sugiriendo realizar evaluaciones sensoriales frecuentes para evaluar la aceptabilidad a largo plazo. --
520 3# - SUMARIO, ETC.
Sumario, etc. Criollo Avocado of the Mexican Race (Persea americana var. drymifolia) stands out for its superior nutraceutical properties compared to commercial varieties like Hass. However, its high perishability limits its commercialization. This study evaluated freeze-drying as a preservation method to develop a stable and sensorily acceptable product that preserves the nutraceutical properties of criollo avocado. Fruits were collected from five trees in Tochimilco, Puebla, and subjected to freeze-drying after a pretreatment with ascorbic acid (5%). Total phenols, antioxidant activity, peroxide index, acidity index, and oil content in the freeze-dried pulp were analyzed on day 1 and after 90 days of storage. A sensory evaluation was also performed with untrained panelists. The results showed no significant differences in total phenols and antioxidant activity, with consistent values observed (total phenols: 2.37-2.55 mg EAG g⁻¹ dw; antioxidant activity: 7.10-7.60 mMol TE g⁻¹ dw). The peroxide and acidity indices increased during storage, with treatments T4 and T5 standing out for their oxidative stability and lower acidity, suggesting their commercial potential. The oil content ranged from 22.4% to 26.5% on day 1 but decreased after 90 days, reaching values between 20.1% and 22.9%. The sensory evaluation indicated that all treatments were equally accepted, with average scores close to 4 on a 9-point hedonic scale, reflecting moderate acceptability. This study confirms the viability of criollo avocado for developing high-quality nutraceutical products, suggesting the need for frequent sensory evaluations to assess long-term acceptability.
650 13 - PUNTO DE ACCESO ADICIONAL DE MATERIA--TÉRMINO DE MATERIA
Término de materia o nombre geográfico como elemento de entrada Aguacate
Fuente del encabezamiento o término atg
9 (RLIN) 2490
Subdivisión general Secado por congelación
650 13 - PUNTO DE ACCESO ADICIONAL DE MATERIA--TÉRMINO DE MATERIA
Término de materia o nombre geográfico como elemento de entrada Aguacate
Fuente del encabezamiento o término atg
9 (RLIN) 2490
Subdivisión general Fruta deshidratada
-- Propiedades sensoriales
650 13 - PUNTO DE ACCESO ADICIONAL DE MATERIA--TÉRMINO DE MATERIA
Término de materia o nombre geográfico como elemento de entrada Aguacate
Fuente del encabezamiento o término atg
9 (RLIN) 2490
Subdivisión general Alimentos deshidratados
-- Calidad del producto
650 13 - PUNTO DE ACCESO ADICIONAL DE MATERIA--TÉRMINO DE MATERIA
Término de materia o nombre geográfico como elemento de entrada Preservación de alimentos
Fuente del encabezamiento o término atg
9 (RLIN) 144378
Subdivisión general Valor nutritivo
650 13 - PUNTO DE ACCESO ADICIONAL DE MATERIA--TÉRMINO DE MATERIA
Término de materia o nombre geográfico como elemento de entrada Avocados
Fuente del encabezamiento o término atg
9 (RLIN) 148887
Subdivisión general Freeze drying
650 10 - PUNTO DE ACCESO ADICIONAL DE MATERIA--TÉRMINO DE MATERIA
Término de materia o nombre geográfico como elemento de entrada Avocados
Fuente del encabezamiento o término atg
9 (RLIN) 148887
Subdivisión general Dried fruit
-- Sensory properties
650 10 - PUNTO DE ACCESO ADICIONAL DE MATERIA--TÉRMINO DE MATERIA
Término de materia o nombre geográfico como elemento de entrada Avocados
Fuente del encabezamiento o término atg
9 (RLIN) 148887
Subdivisión general Dried food
-- Product quality
650 13 - PUNTO DE ACCESO ADICIONAL DE MATERIA--TÉRMINO DE MATERIA
Término de materia o nombre geográfico como elemento de entrada Food preservation
Fuente del encabezamiento o término atg
9 (RLIN) 147769
Subdivisión general Nutritive value
700 1# - PUNTO DE ACCESO ADICIONAL--NOMBRE DE PERSONA
Nombre de persona Corrales García, José Joel Enrique
9 (RLIN) 148339
Término indicativo de función/relación director
700 1# - PUNTO DE ACCESO ADICIONAL--NOMBRE DE PERSONA
Nombre de persona Landa Salgado, Patricia
9 (RLIN) 148104
Término indicativo de función/relación asesora
700 1# - PUNTO DE ACCESO ADICIONAL--NOMBRE DE PERSONA
Nombre de persona Torres Salas, Verenice
9 (RLIN) 114233
Término indicativo de función/relación asesora
856 40 - LOCALIZACIÓN Y ACCESO ELECTRÓNICOS
Nota pública DESCARGAR PDF
942 ## - ELEMENTOS DE PUNTO DE ACCESO ADICIONAL (KOHA)
Fuente del sistema de clasificación o colocación Clasificación Universidad Autónoma Chapingo
Tipo de ítem Koha Tesis digital
Holdings
Estado de retiro Estado de pérdida Fuente del sistema de clasificación o colocación Estado dañado No para préstamo Código de colección Localización permanente Ubicación/localización actual Ubicación en estantería Fecha de adquisición Fuente de adquisición Total de préstamos Código de barras Fecha visto por última vez Precio válido a partir de Tipo de ítem Koha
    Clasificación Universidad Autónoma de Chapingo     Tesis digitales de Maestría Ingenieria Agroindustrial Ingenieria Agroindustrial En línea 10/06/2025 El autor   1201015538 10/06/2025 10/06/2025 Tesis digital